Polscy Medaliści Igrzysk Olimpijskich w Boksie - Statystyki

Ogólne statystyki
  • Ten quiz został rozwiązany 80 razy
    79 od ostatniego zresetowania
  • Średni wynik to 20 z 44
Statystyki odpowiedzi
Wskazówka Odpowiedź % Poprawnych
Seul 1988 Andrzej Gołota
89%
Tokio 1964 Jerzy Kulej
89%
Meksyk 1968 Jerzy Kulej
89%
Paryż 2024 Julia Szeremeta
89%
Melbourne 1956 Zbigniew Pietrzykowski
67%
Rzym 1960 Zbigniew Pietrzykowski
67%
Tokio 1964 Zbigniew Pietrzykowski
67%
Barcelona 1992 Wojciech Bartnik
66%
Moskwa 1980 Paweł Skrzecz
59%
Rzym 1960 Marian Kasprzyk
53%
Tokio 1964 Marian Kasprzyk
53%
Tokio 1964 Józef Grudzień
48%
Meksyk 1968 Józef Grudzień
48%
Montreal 1976 Jerzy Rybicki
47%
Moskwa 1980 Jerzy Rybicki
47%
Moskwa 1980 Krzysztof Kosedowski
47%
Rzym 1960 Leszek Drogosz
47%
Montreal 1976 Leszek Kosedowski
47%
Monachium 1972 Jan Szczepański
44%
Monachium 1972 Janusz Gortat
44%
Montreal 1976 Janusz Gortat
44%
Helsinki 1952 Zygmunt Chychła
44%
Londyn 1948 Aleksy Antkiewicz
39%
Helsinki 1952 Aleksy Antkiewicz
39%
Tokio 1964 Artur Olech
38%
Meksyk 1968 Artur Olech
38%
Rzym 1960 Kazimierz Paździor
36%
Montreal 1976 Kazimierz Szczerba
36%
Moskwa 1980 Kazimierz Szczerba
36%
Seul 1988 Henryk Petrich
34%
Seul 1988 Jan Dydak
34%
Rzym 1960 Tadeusz Walasek
33%
Tokio 1964 Tadeusz Walasek
33%
Seul 1988 Janusz Zarenkiewicz
31%
Tokio 1964 Józef Grzesiak
30%
Moskwa 1980 Kazimierz Adach
30%
Monachium 1972 Leszek Błażyński
30%
Montreal 1976 Leszek Błażyński
30%
Meksyk 1968 Stanisław Dragan
30%
Monachium 1972 Wiesław Rudkowski
30%
Rzym 1960 Brunon Bendig
28%
Melbourne 1956 Henryk Niedźwiedzki
28%
Meksyk 1968 Hubert Skrzypczak
28%
Rzym 1960 Jerzy Adamski
28%
Nie znaleziono quizów pasujących do podanych kryteriów
Rozkład punktacji
Procent ludzi z każdym wynikiem
Percentyl według liczby udzielonych odpowiedzi
Twoja historia wyników
Nie rozwiązałeś tego quizu od ostatniego zresetowania